Daily Capital City Riddle #46 - Statistics

General Stats
  • This quiz has been taken 50 times
  • The average score is 29 of 33
Answer Stats
Type Answer % Correct
Found Letter A
100%
Alphabet Letter B
100%
Alphabet Letter I
100%
Alphabet Letter L
100%
Found Letter N
100%
Alphabet Letter R
100%
Correctly Placed Letter A
98%
Alphabet Letter E
98%
Alphabet Letter O
98%
Alphabet Letter D
95%
Found Letter S
93%
Alphabet Letter T
93%
Alphabet Letter C
90%
Alphabet Letter G
90%
Alphabet Letter H
90%
Alphabet Letter M
90%
Alphabet Letter K
88%
Alphabet Letter P
88%
Found Letter U
88%
Alphabet Letter W
88%
Alphabet Letter J
83%
Correctly Placed Letter S
81%
Alphabet Letter V
81%
Alphabet Letter Y
81%
Alphabet Letter F
79%
Correctly Placed Letter U
79%
Correctly Placed Letter A
76%
Correctly Placed Letter S
76%
Alphabet Letter Q
74%
Alphabet Letter Z
74%
Correctly Placed Letter N
71%
Alphabet Letter X
71%
Mystery Capital Nassau
69%
No matching quizzes found
Score Distribution
Percent of People with Each Score
Percentile by Number Answered
Your Score History
You have not taken this quiz